Filosofie peněz

Gespeichert in:
Bibliographische Detailangaben
1. Verfasser: Simmel, Georg
Format: Buch
Sprache:Tschechisch
Veröffentlicht: Praha ACADEMIA 2011
Schlagworte:
Tags: Tag hinzufügen
Keine Tags, Fügen Sie das erste Tag hinzu!

MARC

LEADER 00000nam a2200000 4500
001 0150399
005 20240313085755.7
020 |a 978-80-200-1920-2 
041 0 |a cze 
044 |a CZ 
245 1 0 |a Filosofie peněz  |c Georg Simmel 
264 1 |a Praha  |b ACADEMIA  |c 2011 
300 |a 626 s. 
610 2 0 |a peniaze 
610 2 0 |a filozofia 
610 2 0 |a sociológia 
100 1 |a Simmel, Georg